A study of local inundated forestry species in siem reap province, ការសិក្សាពីប្រភេទព្រៃលិចទឹកក្នុងខេត្តសៀមរាប (Record no. 3698)

000 -LEADER
fixed length control field 00558nam a22001577a 4500
003 - CONTROL NUMBER IDENTIFIER
control field OSt
005 - DATE AND TIME OF LATEST TRANSACTION
control field 20151128112652.0
008 - FIXED-LENGTH DATA ELEMENTS--GENERAL INFORMATION
fixed length control field 151128b xxu||||| |||| 00| 0 eng d
040 ## - CATALOGING SOURCE
Transcribing agency RUA
082 ## - DEWEY DECIMAL CLASSIFICATION NUMBER
Classification number FIS OU 1996 B164 Or.1
100 ## - MAIN ENTRY--PERSONAL NAME
9 (RLIN) 3977
Personal name OU, SETHY RITH.
245 ## - TITLE STATEMENT
Title A study of local inundated forestry species in siem reap province, ការសិក្សាពីប្រភេទព្រៃលិចទឹកក្នុងខេត្តសៀមរាប
260 ## - PUBLICATION, DISTRIBUTION, ETC. (IMPRINT)
Place of publication, distribution, etc. Phnom Penh
Name of publisher, distributor, etc. RUA
Date of publication, distribution, etc. 1996
300 ## - PHYSICAL DESCRIPTION
Extent 119p.
Other physical details ill.
Dimensions 29cm.
942 ## - ADDED ENTRY ELEMENTS (KOHA)
Source of classification or shelving scheme
Koha item type FIS
Holdings
Price effective from Date last seen Permanent Location Not for loan Date acquired Source of classification or shelving scheme Koha item type Lost status Withdrawn status Total Renewals Date last checked out Total Checkouts Shelving location Damaged status Barcode Current Location Full call number
2015-11-282015-11-28Library Block B 2015-11-28 FIS     B164 RUA026000Library Block BFIS OU 1996 B164 Or.1
2015-11-282016-10-26Library Block B 2015-11-28 FIS   2016-10-042B164 RUA026966Library Block BFIS OU 1996 B164 Or.2
2015-11-282015-11-28Library Block B 2015-11-28 FIS     B164 RUA011955Library Block BFIS OU 1996 B164 Or.3
2015-11-282016-10-05Library Block B 2015-11-28 FIS  12016-09-131B164 RUA011957Library Block BFIS OU 1996 B164 Or.4
2015-11-282015-11-28Library Block B 2015-11-28 FIS     B164 RUA010013Library Block BFIS OU 1996 B164 Or.5
2015-11-282015-11-28Library Block B 2015-11-28 FIS     B164 RUA026836Library Block BFIS OU 1996 B164 Or.6
2015-11-282021-11-22Library Block B 2015-11-28 FIS   2021-11-101B164 RUA027562Library Block BFIS OU 1996 B164 Or.7
2015-11-282015-11-28Library Block B 2015-11-28 FIS     B164 RUA027211Library Block BFIS OU 1996 B164 Or.8
2015-11-282015-11-28Library Block B 2015-11-28 FIS     B164 RUA026077Library Block BFIS OU 1996 B164 Or.9
2015-11-282015-11-28Library Block B 2015-11-28 FIS     B164 RUA010445Library Block BFIS OU 1996 B164 Or.10
មជ្ឈមណ្ឌលឯការនៃសាកលវិទ្យាល័យភូមិន្ទកសិកម្មចំការដូង

Powered by Koha